| 000 | 00909nam0a22002411 4500 | ||
|---|---|---|---|
| 001 | v19\rc\2078025 | ||
| 005 | 20250620032345.0 | ||
| 035 | _a(NLR Aleph) 005149114 | ||
| 090 |
_a4882504 _c4882504 |
||
| 100 | _a20081218f19101919|||y0rusy50 ca | ||
| 101 | 0 | _arus | |
| 102 | _aRU | ||
| 105 | _ay z ||||| | ||
| 200 | 1 |
_aУстав Художественно-ремесленных мастерских, учрежденных на основании Положения 1902 года 10 июня при Боголюбовском рисовальном училище _eПроект |
|
| 210 |
_aСаратов _d[191-?] |
||
| 215 | _a3 с. | ||
| 309 | _aБез тит. л. и обл. | ||
| 710 | 0 | 2 |
_aХудожественно-ремесленные мастерские _cСаратов |
| 801 | 0 |
_aRU _bNLR _gpsbo |
|
| 801 | 1 |
_aRU _bProSoft-M _2rusmarc |
|
| 852 |
_aNLR _j34.106.7.370 |
||
| 942 | _cBOOK | ||
| 980 | _aNB | ||